000
00316nam a2200145Ia 4500
100
_a
ISTE-CIICP Monography Seriesc
650
_a
English
942
_c
BK
654
_a
Written Communication Skill
245
_a
Written Communication Skill
260
_b
ISTE
300
_a
60
546
_a
ENGLISH
999
_c
28596
_d
28596